The Police: Figure Out the Lyrics III Quiz Stats

 Plays Quiz not verified by Sporcle

Score 0/254 Timer 10:00
0 Plays Today
% Correct
I
98.4%
I
98.4%
I
98.4%
I
98.4%
I
98.4%
I
98.4%
I
98.4%
you
96.3%
you
96.3%
you
96.3%
you
96.3%
you
96.3%
you
96.3%
you
96.3%
you
96.3%
you
96.3%
you
96.3%
You
96.3%
you
96.3%
you
96.3%
you
96.3%
you
96.3%
you
96.3%
you
96.3%
you
96.3%
you
96.3%
You
96.3%
you
96.3%
you
96.3%
you
96.3%
you
96.3%
you
96.3%
you
96.3%
you
96.3%
you
96.3%
you
96.3%
you
96.3%
you
96.3%
you
96.3%
you
96.3%
you
96.3%
you
96.3%
you
96.3%
you
96.3%
you
96.3%
you
96.3%
you
96.3%
you
96.3%
you
96.3%
you
96.3%
you
96.3%
you
96.3%
you
96.3%
you
96.3%
you
96.3%
a
95.2%
be
92%
be
92%
be
92%
be
92%
be
92%
be
92%
be
92%
be
92%
be
92%
be
92%
me
86.4%
me
86.4%
to
85.9%
to
85.9%
can
85.7%
Every
85.5%
Every
85.5%
Every
85.5%
Every
85.5%
Every
85.5%
Every
85.5%
Every
85.5%
Every
85.5%
every
85.5%
Every
85.5%
Every
85.5%
Every
85.5%
Every
85.5%
every
85.5%
% Correct
Every
85.5%
every
85.5%
Every
85.5%
every
85.5%
Every
85.5%
every
85.5%
Every
85.5%
every
85.5%
Every
85.5%
every
85.5%
Every
85.5%
every
85.5%
Every
85.5%
every
85.5%
Every
85.5%
every
85.5%
Every
85.5%
every
85.5%
Every
85.5%
every
85.5%
Every
85.5%
every
85.5%
I'll
84.9%
I'll
84.9%
I'll
84.9%
I'll
84.9%
I'll
84.9%
I'll
84.9%
I'll
84.9%
I'll
84.9%
I'll
84.9%
I'll
84.9%
take
84.6%
take
84.6%
take
84.6%
take
84.6%
take
84.6%
take,
84.6%
take
84.6%
make
84.2%
make
84.2%
make
84.2%
make,
84.2%
make
84.2%
make,
84.2%
breath
83.4%
breath
83.4%
and
83%
And
83%
see
82.9%
see
82.9%
see
82.9%
watching
82.7%
watching
82.7%
watching
82.7%
watching
82.7%
watching
82.7%
watching
82.7%
watching
82.7%
watching
82.7%
watching
82.7%
watching
82.7%
move
82.6%
move
82.6%
move
82.6%
move
82.6%
move
82.6%
move
82.6%
can't
78.9%
can't
78.9%
can't
78.9%
step
77.4%
step
77.4%
your
77.4%
your
77.4%
step
77.4%
step
77.4%
step
77.4%
with
76.9%
with
76.9%
break
74%
break
74%
break
74%
break,
74%
break
74%
% Correct
my
73.8%
my
73.8%
day
73.4%
day,
73.4%
day,
73.4%
belong
73.1%
belong
73.1%
heart
72%
heart
72%
for
71.6%
Oh
71.2%
Oh
71.2%
single
69.6%
single
69.6%
single
69.6%
so
66.8%
face
66.2%
say
64.7%
say
64.7%
say
64.7%
aches
64.1%
aches
64.1%
word
61.1%
only
61.1%
word
61.1%
word
61.1%
at
61%
it's
60.7%
fake
60.5%
fake,
60.5%
fake,
60.5%
but
60.3%
How
59.1%
How
59.1%
been
58.4%
night
58%
night
58%
night
58%
night
58%
poor
57.7%
vow
57.7%
poor
57.7%
vow
57.7%
vow
57.7%
baby,
57.5%
baby
57.5%
without
57.2%
please
57.1%
long
56.8%
embrace
56.4%
gone
56.3%
I've
56%
smile
55.8%
smile
55.8%
smile
55.8%
look
55.2%
you've
53.9%
lost
53.9%
trace
53.7%
play
52.6%
play,
52.6%
play,
52.6%
game
52.2%
game
52.2%
game
52.2%
replace
51.2%
feel
51%
around,
50.8%
Since
50.3%
keep
49.2%
stay
48.6%
stay
48.6%
stay
48.6%
stake
48.4%
stake
48.4%
stake
48.4%
dream
46.5%
bond
43.8%
bond
43.8%
claim
43.1%
claim
43.1%
claim
43.1%
crying
40.9%
cold
39.9%

You're not logged in!

Compare scores with friends on all Sporcle quizzes.
OR
Log In

Show Comments

Extras

Top Quizzes Today


Score Distribution

Your Account Isn't Verified!

In order to create a playlist on Sporcle, you need to verify the email address you used during registration. Go to your Sporcle Settings to finish the process.

Report this User

Report this user for behavior that violates our Community Guidelines.

Details: